| 000 | 00420nam a2200169Ia 4500 | ||
|---|---|---|---|
| 005 | 20240430025128.0 | ||
| 008 | 240331s9999 xx 000 0 und d | ||
| 020 | _a8170361699 | ||
| 082 |
_bRAM _a331.4 |
||
| 100 | _aRamu, G.N. | ||
| 245 | 0 | _aWomen work and marriage in urban India | |
| 260 |
_aNew Delhi _bSage publication India pvt Ltd _c1989 |
||
| 300 | _a206, p., | ||
| 650 | _aWomen | ||
| 650 | _aSex | ||
| 942 | _cL | ||
| 999 |
_c2621 _d2621 |
||